000 00642nam a2200241 a 4500
999 _c10512
_d10512
001 10512
003 BD-JhCC
005 20180430183540.0
008 180430s1966 nbu |||| b||| 000 0 eng d
035 _a(BD-JhCC)10512
040 _aBD-JhCC
_dBD-JhCC
041 _aeng
082 _a823.8
_bROY 1966
100 _aRoyster, Salibelle
245 _aBleak house :
_bNotes /
_cSalibelle Royster,
260 _aLincoln :
_bCliff's Notes,
_c1966.
300 _a69 P. :
_c21 cm.
504 _aIncludes Bibliographical Reference.
600 _aDickens, Charles, 1812-1870
650 _aEnglish Fiction
942 _2ddc
_cBK